000 00492nam a2200181Ia 4500
001 17310
005 20260306171508.0
008 260306s9999||||xx |||||||||||||| ||und||
041 _aESP
082 _a657.61
_bO73P
100 _aOrtega Salavarría, Rosa
_eAUT
245 0 _aPCGE componentes con validez tributaria:
_bIGV e impuesto a la renta de tercera categoría
260 _c2021
300 _a64 páginas :
_c24 cm.
650 _aGEN
654 _aCCO
942 _cLIB
_dJUS
_fJUS
_2ddc
_n
999 _c17310
_d17310